U.S. State Capitals (Population Sizes, Only Map) - Statistics

General Stats
  • This quiz has been taken 14 times
  • The average score is 40 of 50
Answers on the Map
Answers color-coded by a green-red scale on the quiz's map according to % correct below.
 
Answer Stats
Answer % Correct
Austin
100%
Phoenix
100%
Baton Rouge
92%
Boise
92%
Boston
92%
Carson City
92%
Denver
92%
Lincoln
92%
Saint Paul
92%
Salt Lake City
92%
Santa Fe
92%
Tallahassee
92%
Atlanta
85%
Helena
85%
Honolulu
85%
Indianapolis
85%
Juneau
85%
Little Rock
85%
Nashville
85%
Oklahoma City
85%
Olympia
85%
Pierre
85%
Raleigh
85%
Sacramento
85%
Albany
77%
Bismarck
77%
Cheyenne
77%
Columbus
77%
Dover
77%
Hartford
77%
Jackson
77%
Jefferson City
77%
Madison
77%
Montgomery
77%
Montpelier
77%
Salem
77%
Springfield
77%
Annapolis
69%
Augusta
69%
Columbia
69%
Des Moines
69%
Frankfort
69%
Harrisburg
69%
Lansing
69%
Providence
69%
Trenton
69%
Charleston
62%
Richmond
62%
Topeka
62%
Concord
54%
No matching quizzes found
Score Distribution
Percent of People with Each Score
Percentile by Number Answered
Your Score History
You have not taken this quiz